000 01193nam a2200289Ia 4500
003 OSt
005 20221005103647.0
006 a|||||r|||| 00| 0
007 ta
008 221004b |||||||| |||| 00| 0 hin d
020 _a9789387145290 (hbk)
_cINR 350.00
024 _a42535
037 _bNKP/884/18-19, 16/03/2019, Nayee Kitab Prakashan
_cTextual
040 _aCRL
_cCRL
_bhin
041 _2hin
_ahin
082 _aO152:g(Y15), Q8
100 _aमिलिंद, सत्यप्रकाश, संपा.
245 0 _aहिन्दी की महिला साहित्यकार
246 _aHindī kī mahilā sāhityakāra
260 _aदिल्ली
_bअनन्य प्रकाशन भारत
_c2018
300 _a166पृ0
_ccm.
490 _aहिन्दी नवजागरण और स्त्री
650 _a हिन्दी साहित्य
650 _aमहिला सशक्तिकरण
942 _hO152:g(Y15), Q8
_cTEXL
_2cc
999 _c1010536
_d1010536